Planets, stars and nebulae (Record no. 5836)

MARC details
000 -LEADER
fixed length control field 00584nam a2200193Ia 4500
003 - CONTROL NUMBER IDENTIFIER
control field IN-BaIIA
008 - FIXED-LENGTH DATA ELEMENTS--GENERAL INFORMATION
fixed length control field 211028s9999 xx 000 0 eng d
020 ## - INTERNATIONAL STANDARD BOOK NUMBER
International Standard Book Number 8165-0428-8
040 ## - CATALOGING SOURCE
Transcribing agency IIA Library
080 ## - UNIVERSAL DECIMAL CLASSIFICATION NUMBER
Universal Decimal Classification number 082.2:52
Item number IAU-C23
100 ## - MAIN ENTRY--PERSONAL NAME
Personal name Gehrels, T
9 (RLIN) 10110
245 #0 - TITLE STATEMENT
Title Planets, stars and nebulae
Remainder of title studied with photopolarimetry
Statement of responsibility, etc. T. Gehrels
260 ## - PUBLICATION, DISTRIBUTION, ETC.
Place of publication, distribution, etc. Arizona
Name of publisher, distributor, etc. University of Arizona Press
Date of publication, distribution, etc. 1974
300 ## - PHYSICAL DESCRIPTION
Extent xvi, 1133p.
650 ## - SUBJECT ADDED ENTRY--TOPICAL TERM
Topical term or geographic name entry element Photopolarimetry
9 (RLIN) 10111
650 ## - SUBJECT ADDED ENTRY--TOPICAL TERM
Topical term or geographic name entry element Planets
9 (RLIN) 971
650 ## - SUBJECT ADDED ENTRY--TOPICAL TERM
Topical term or geographic name entry element stars
942 ## - ADDED ENTRY ELEMENTS (KOHA)
Koha item type Books
Holdings
Withdrawn status Lost status Damaged status Not for loan Home library Current library Shelving location Date acquired Total Checkouts Full call number Barcode Date last seen Price effective from Koha item type
        IIA Library-Bangalore IIA Library-Bangalore General Stacks 14/06/1978   082.2:52/ IAU-C23 6528 05/11/2021 14/06/1978 Books

Powered by Koha